SAS2: a guide to collaborative inquiry and social engagement

Saved in:
Bibliografiske detaljer
Main Authors: Chevalier, Jacques M (Author), Buckles, Daniel J (Author)
Format: Bog
Sprog:engelsk
Udgivet: Thousand Oaks SAGE 2008
Ottawa International Development Research Centre 2008
Udgivelse:1a. ed
Fag:
Tags: Tilføj Tag
Ingen Tags, Vær først til at tagge denne postø!

MARC

LEADER 00000cam a2200000 a 4500
001 UCC5143
003 CL-VaPUC
008 180927e20080000us |||||||||||||||||eng|d
020 |a 9788178298900 
082 0 4 |a 300.72  |b CHE  |2 21 
100 0 |a Chevalier, Jacques M  |e author  |9 599390 
700 0 |a Buckles, Daniel J  |e author  |9 599391 
245 1 0 |a SAS2: a guide to collaborative inquiry and social engagement 
250 |a 1a. ed 
300 |a 315 p 
942 |c BK 
945 |d 20180927 22:58:00  |a dcastane 
260 |a Thousand Oaks  |b SAGE  |c 2008 
260 |a Ottawa  |b International Development Research Centre  |c 2008 
650 0 |a Metodología de la ciencia  |9 346018 
650 0 |a Ciencias sociales   |9 256351 
650 0 |a Investigación social   |9 307814 
583 |a last modification  |c 20180927 22:58:00  |k Rodrigo Vera 
999 |c 372418  |d 372416 
952 |0 0  |1 0  |3 erb  |4 0  |6 300_720000000000000_CHE_2008_2008  |7 0  |8 CCM  |9 490065  |a BIBCUR  |b BIBCUR  |i 5502136  |o 300.72 CHE 2008 2008  |p 5502136  |r 2025-04-22  |w 2019-11-24  |y BK  |z Catalogado en:20180927  |k CIM 
952 |0 0  |1 0  |3 erb  |4 0  |6 300_720000000000000_CHE_2008_2008  |7 0  |8 CCM  |9 490066  |a BIBCUR  |b BIBCUR  |i 5501784  |o 300.72 CHE 2008 2008  |p 5501784  |r 2025-04-22  |w 2019-11-24  |y BK  |z Catalogado en:20180927  |k CIM